000 00747nam a2200241 i 4500
001 bg
100 1 _aDate, C. J.
_d(1941- ).
245 1 0 _aRelacyjne bazy danych dla praktyków /
_cC. J. Date ; [tł. Marek Pętlicki].
246 _iTyt. oryg. :
_a"Database in Delph" 2005
260 _aGliwice :
_bWydawnictwo Helion,
_c2006.
300 _a276 s. ;
_c24 cm.
650 9 _aBaza danych relacyjna
655 _aPodręczniki
700 1 _aPętlicki, Marek
_eTł.
020 _a8324601015
040 _cBPK
041 1 _apol
_heng
080 _a004.652.4(07)
920 _a83-246-0101-5
942 _cKS
008 s pl f |000 0 pol
999 _c53931
_d53931
856 _uhttp://koha.tu.koszalin.pl/cgi-bin/koha/opac-detail.pl?biblionumber=53931
_yKatalog online BPK